[Event "Cappelle op 31st"]
[Site "Cappelle la Grande"]
[Date "2015.03.05"]
[Round "7"]
[White "Vovk, Andrey"]
[Black "Ulybin, Mikhail"]
[Result "1/2-1/2"]
[WhiteElo "2642"]
[BlackElo "2502"]
[Annotator "RR"]
[PlyCount "203"]
[EventDate "2015.02.28"]
[EventType "swiss"]
[EventRounds "9"]
[EventCountry "FRA"]
[SourceTitle "EXT 2016"]
[Source "ChessBase"]
[SourceDate "2015.10.08"]
[SourceVersion "1"]
[SourceVersionDate "2015.10.08"]
[SourceQuality "1"]

1. e4 e6 2. d4 d5 3. Nd2 (3. Nc3) 3... c5 4. Ngf3 (4. exd5 Qxd5 5. Ngf3 cxd4 6.
Bc4 Qd6 7. O-O Nf6 8. Nb3 Nc6 9. Nbxd4 Nxd4 10. Nxd4 a6 11. Re1 Qc7 12. Qe2 $32
{[%csl Re8]}) 4... Nf6 5. e5 Nfd7 6. c3 Nc6 7. Bd3 cxd4 8. cxd4 f6 (8... Qb6 9.
O-O Nxd4 10. Nxd4 Qxd4 11. Nf3 Qb6 12. Qa4 $44 {[%csl Re8]}) 9. exf6 Qxf6 {
La reprise du N est plus courante} (9... Nxf6 10. O-O Bd6 11. b3 O-O 12. Bb2
Bd7 13. a3 a5 14. Ne5 Be8 15. Qe2 Bh5 16. Qe3 Qe7 17. Qh3 Rac8 18. f4 Bb8 19.
Kh1 g6 20. Rae1 Ba7 21. Ndf3 Bxf3 22. Nxf3 Rce8 23. f5 gxf5 24. Bxf5 Nd8 25.
Bc1 Qd6 26. Bd3 Ne4 27. Bxe4 dxe4 28. Bh6 Rf6 29. Ne5 Rxh6 30. Qxh6 Rf8 31.
Qg5+ Kh8 32. Rxf8+ Qxf8 33. Qxd8 {1-0 (33) Dzhumaev,M (2502)-Volkov,S (2614)
Tashkent 2015}) 10. O-O Bd6 11. Re1 O-O 12. Bxh7+ $1 {La raison pour laquelle
les Noirs préfèrent jouer 9. Nf6 mais le russe avait déjà joué cette
variante} Kxh7 13. Rxe6 {[%cal Gf3g5]} Bxh2+ 14. Kxh2 Qf5 15. Re3 $146 {
Tentative d'amélioration sur une partie jouée par le russe quelques mois
plus tôt} (15. Nf1 Kg8 16. Re2 Nf6 17. Kg1 Ne4 18. Ng3 Nxg3 19. fxg3 Qh5 20.
Bf4 Bg4 21. Qd3 g5 22. Be5 Bxf3 23. gxf3 Rxf3 24. Re3 Raf8 25. Bd6 R8f6 26.
Rxf3 Rxf3 27. Qd2 Qg6 28. Bc7 Rd3 29. Qg2 Nxd4 30. Qxd5+ Ne6 31. Qxb7 Nxc7 32.
Qxc7 Qb6+ 33. Qxb6 axb6 {1-0 (33) Navara,D (2700)-Ulibin,M (2491) Riga 2014})
15... Nf6 16. Kg1 Kg8 17. b4 Ng4 18. Re2 Qd3 (18... Bd7 19. b5 $13) 19. Rb1
Rxf3 $5 20. Rb3 Qxe2 $3 21. Qxe2 Rxf2 22. Qe8+ Rf8 23. Qh5 Rf5 24. Qh4 {
[%cal Gh4d8]} Nxd4 $13 25. Qd8+ $1 {[%csl Ra8,Rc8] Si les Noirs ont le temps
de développer le Bc8, la sortie de la Ra8 risque de leur donner un excellent
jeu} Kf7 (25... Rf8 26. Qxd5+) 26. Rf3 (26. Nf3 Nxb3) 26... Nxf3+ 27. Nxf3 Nf6
28. Bb2 d4 29. Bxd4 Rd5 30. Qc7+ $1 {[%csl Rb7,Rc8] Continue de bloquer le
développement du Bc8} Kg8 (30... Rd7 31. Ne5+) 31. Qg3 (31. a4) (31. Bxf6 gxf6
32. Kh2) 31... Ng4 32. Qc7 Nf6 33. Bb2 Be6 $1 34. Qxb7 Rd1+ 35. Kh2 Bd5 {
[%csl Gd5]} 36. Qc7 Bxf3 (36... Rf8 37. Qxa7 Bxf3 38. Bxf6 (38. gxf3 Rd2+ 39.
Kh3 Rxb2) 38... Rxf6 39. gxf3 Rd2+ 40. Kg3 Rg6+ 41. Kf4 Re2 {[%cal Gg6f6]} (
41... Rf6+ 42. Ke3)) 37. Bxf6 gxf6 38. gxf3 Rd5 39. Kg3 Rg5+ 40. Kf4 {[%csl
Gf4,Rg8]} Rg7 41. Qc4+ Kh8 42. Kf5 Rf8 43. f4 Rgf7 {Les R sont liées mais ...
mal placées!} 44. a4 Kg7 45. Qc5 Rh8 46. Qg1+ Kf8 47. Qd1 Kg7 48. b5 {[%csl
Ga4,Gb5]} Rc8 49. Qd4 Rh8 50. Qd1 Rc8 51. Qd5 Rh8 52. Qg2+ Kf8 53. Ke6 $1 {
[%csl Ge6,Rf8] Un modèle de K actif!} Rh6 54. f5 $14 {[%csl Rf6,Gg6] Les
Blancs ont progressé et la Q continue de dominer les R qui manquent
d'activité} Rh4 55. Qc2 Rh1 56. a5 Re1+ 57. Kd6 Re5 58. b6 $36 axb6 59. axb6
Ree7 60. Kc6 {[%csl Gc6]} Kg7 61. Qg2+ Kh7 62. Qg3 Rd7 63. Qh2+ Kg7 64. Qb8 (
64. Kb5 {[%cal Gb5a6,Gb6b7,Gh2g2]}) 64... Rde7 65. Qc8 $11 {C'est probablement
déjà nulle car les Blancs ne peuvent pas pousser le P tant que les R restent
sur la 07ème rangée} Kh6 66. Kd6 Kg7 67. Qc4 Rd7+ 68. Kc6 Rde7 69. Qg4+ Kh7
70. Qg6+ Kh8 71. Qg2 Kh7 72. Kb5 Rd7 73. Ka6 Rde7 74. Qh3+ Kg7 75. Qg3+ Kh7 76.
Kb5 Rd7 77. Kc6 Rde7 78. Qb8 Kg7 79. Qd8 Kh7 80. Kd6 Rb7 81. Ke6 Kg7 82. Qd6
Kg8 83. Qc5 Kg7 84. Qg1+ Kf8 85. Kd6 Rb8 86. Kc6 Rc8+ 87. Kb5 Re8 88. Qg2 Re1
89. b7 Rb1+ 90. Ka6 Ra1+ 91. Kb6 Rb1+ 92. Ka7 Re7 93. Qc6 Kg7 94. Qg2+ Kf8 95.
Kb8 Re8+ 96. Kc7 Re7+ 97. Kc8 Re8+ 98. Kd7 Re7+ 99. Kc8 Re8+ 100. Kc7 Re7+ 101.
Kb8 Re8+ 102. Ka7 {[%mdl 4096] Les Blancs auront tout tenter pour gagner la
finale et la partie était trés intéressante} 1/2-1/2

[Event "ESP-chT CECLUB Honor"]
[Site "Melilla"]
[Date "2011.11.26"]
[Round "7"]
[White "Fedorchuk, Sergey A"]
[Black "Vallejo Pons, Francisco"]
[Result "1/2-1/2"]
[WhiteElo "2632"]
[BlackElo "2705"]
[Annotator "RR"]
[PlyCount "68"]
[EventDate "2011.11.21"]
[EventType "team-tourn"]
[EventRounds "7"]
[EventCountry "ESP"]
[SourceTitle "CBM 146"]
[Source "ChessBase"]
[SourceDate "2012.01.18"]
[SourceVersion "1"]
[SourceVersionDate "2012.01.18"]
[SourceQuality "1"]
[WhiteTeam "Cajacanarias"]
[BlackTeam "Colegio Marcote EIKM"]
[WhiteTeamCountry "ESP"]
[BlackTeamCountry "ESP"]

1. e4 e6 2. d4 d5 3. Nd2 Nf6 4. e5 Nfd7 5. Bd3 c5 6. c3 Nc6 7. Ne2 cxd4 8. cxd4
f6 9. exf6 Nxf6 10. Nf3 Bd6 11. O-O O-O 12. Bf4 Bxf4 13. Nxf4 Ng4 14. Nh5 e5
15. dxe5 Ngxe5 16. Nxe5 Nxe5 17. Be2 d4 18. f4 Nc6 19. Qb3+ Kh8 20. f5 Qe7 21.
Ng3 a5 22. Rae1 a4 23. Qb6 a3 24. Bc4 Qb4 25. Qxb4 Nxb4 26. bxa3 Nc2 27. Re7
Ne3 28. f6 g6 29. Ne4 h6 $2 (29... Nxc4 30. Ng5 h6 $11) 30. Rc1 $2 (30. Nd6 $1)
30... Bf5 31. Bb3 Bxe4 32. Rxe4 Rxf6 33. Rxd4 Raf8 34. h3 Rf2 1/2-1/2

[Event "Vandoeuvre op 11th"]
[Site "Vandoeuvre"]
[Date "2014.12.27"]
[Round "3"]
[White "Gharamian, Tigran"]
[Black "Flom, Gabriel"]
[Result "1-0"]
[WhiteElo "2658"]
[BlackElo "2451"]
[Annotator "RR"]
[PlyCount "91"]
[EventDate "2014.12.26"]
[EventType "swiss"]
[EventRounds "9"]
[EventCountry "FRA"]
[SourceTitle "EXT 2017"]
[Source "ChessBase"]
[SourceDate "2016.10.25"]
[SourceVersion "1"]
[SourceVersionDate "2016.10.25"]
[SourceQuality "1"]

1. e4 {01h30} e6 2. d4 d5 3. Nd2 Nf6 4. e5 Nfd7 5. c3 c5 6. Bd3 Nc6 7. Qg4 $5 {
89 La préparation des Blancs mais cette ligne n'a jamais été jouée à haut
niveau} (7. Ne2) 7... Qc7 8. a3 h5 $1 {La réaction thématique face à Qg4} 9.
Qf4 {80} g5 $5 10. Qe3 (10. Qxg5 $2 cxd4 (10... Bh6 11. Qg3 (11. Qh4) 11...
cxd4 (11... h4 12. Qg4) 12. cxd4 Nxd4) 11. cxd4 Nxd4 $40) 10... Bh6 11. Ne2 g4
12. f4 c4 $6 {La pression sur "d4" empêchait les Blancs d'attaquer à
l'aile-roi} 13. Bc2 f5 14. exf6 $8 {62} Nxf6 15. b3 $1 cxb3 16. Nxb3 Ne7 17.
Qe5 Qxe5 $6 18. fxe5 $14 {Les Blancs ont un bon avantage d'espace} Nfg8 19. h3
$1 gxh3 20. Rxh3 Bd7 21. Nf4 $1 Bxf4 22. Bxf4 $16 O-O-O 23. O-O-O Rf8 24. Bd2 (
24. g3 Nf5) 24... b6 25. g4 $36 Be8 26. Rdh1 Nh6 27. Bg5 Kd7 28. Bd1 Bg6 29.
Nd2 Rf2 30. gxh5 Bf5 31. Rg3 Rg8 32. Rhg1 Nf7 33. Ba4+ Nc6 34. Bf6 {[%csl Rf7]
[%cal Gg3g7]} Rf8 35. Rg8 $1 Rxg8 36. Rxg8 a6 37. Rg7 $40 b5 38. Rxf7+ Ke8 39.
Rc7 bxa4 40. Rxc6 Rh2 41. c4 Rh1+ {Après le passage du contrôle de temps,
les Noirs pouvaient s'abstenir de continuer.} 42. Kb2 Rd1 43. cxd5 Kd7 44. Rd6+
Kc8 45. Nc4 Rxd4 46. Ne3 1-0

[Event "Olympiad-37"]
[Site "Turin"]
[Date "2006.05.24"]
[Round "4"]
[White "Adams, Michael"]
[Black "Gurevich, Mikhail"]
[Result "1-0"]
[WhiteElo "2720"]
[BlackElo "2643"]
[Annotator "Reeh,O"]
[PlyCount "55"]
[EventDate "2006.05.21"]
[EventType "team-swiss"]
[EventRounds "13"]
[EventCountry "ITA"]
[SourceTitle "CBM 113"]
[Source "ChessBase"]
[SourceDate "2006.07.31"]
[SourceVersion "1"]
[SourceVersionDate "2006.07.31"]
[SourceQuality "1"]
[WhiteTeam "England"]
[BlackTeam "Turkey"]
[WhiteTeamCountry "ENG"]
[BlackTeamCountry "TUR"]

1. e4 e6 2. d4 d5 3. Nd2 Nf6 4. e5 Nfd7 5. c3 c5 6. Bd3 Nc6 7. Ne2 cxd4 8. cxd4
f6 9. exf6 Nxf6 10. Nf3 Bd6 11. O-O O-O 12. Bf4 Bxf4 13. Nxf4 Ne4 14. Qc1 Ng5
15. Nxg5 Qxg5 {[%tqu "En","White has an interesting possibility to liquidate
into an about even endgame here. Do you see how?","If the knight f4 would take
on e6, Black couldn't recapture immediately but would have to change on c1
first, as his queen is on g5 is hanging. Think of a scenario in which a knight
on e6 could then take something with CHECK (e.g. the black rook).","Lure the
black king to h7!","f4e2","",10,"d3h7","Although this doesn't lead to an
advantage for White, you should always have such transitions into endgames on
your mind.",15,"De","Weiß hat hier eine interessante Möglichkeit, in ein etwa
gleich stehendes Endspiel abzuwickeln. Sehen Sie welche?","Fall der Springer
f4 auf e6 schlüge, könnte Schwarz ihn nicht sofort nehmen, da seine Dame auf
g5 hängt. Er müsste also zunächst auf c1 die Damen zwischentauschen. Überlegen
Sie sich ein Szenario, in dem ein weißer Springer auf e6 dann etwas mit SCHACH
schlagen könnte (z.B. den schwarzen Turm).","Locken Sie den schwarzen König
nach h7!","f4e2","",10,"d3h7","Obwohl dies zu keinem Vorteil führt, sollte man
solche möglichen Übergänge ins Endspiel immer auf der Rechnung haben.",15]} 16.
Ne2 (16. Bxh7+ Kxh7 17. Nxe6 Qxc1 ({or oder} 17... Qf5 18. Nxf8+ Qxf8) 18.
Nxf8+ Kg8 19. Raxc1 Kxf8 {, and this endgame is about equal. und dieses
Endspiel ist etwa ausgeglichen.}) 16... Qf6 17. Qd2 Bd7 18. Bb5 Nb8 {With a
central constellation like this (Pd4 versus d5 and e6) the knight is normally
more useful than the bishop, so Black avoids the trade. Bei einer derartigen
Zentrumskonstellation (Pd4 gegen d5 und e6) ist der Springer meist nützlicher
als der Läufer, daher vermeidet Schwarz den Abtausch.} 19. a4 $146 Bxb5 20.
axb5 {The pawn on b5 keeps the the black knight away from its ideal square c6
where it's attacking the pawn d4. So Black starts to direct it to another good
post - f5. Der Bauer auf b5 verwehrt dem schwarzen Springer das Idealfeld c6,
von wo aus er den Bd4 angreift. Daher beginnt der Nachziehende, diese Figur
auf einen ebenfalls guten Posten zu führen - f5.} Nd7 21. g3 Nb6 22. Nf4 Nc4
23. Qe2 Rfe8 24. Rfd1 Nd6 25. Ra3 Re7 26. h4 Nf5 {Arrived! Angekommen!} 27. Qe5
b6 $4 {A terrible blunder, since White wasn't really threatening anything. Ein
schrecklicher Fehler, zumal Weiß eigentlich gar nichts drohte.} ({Possible was,
for example, Möglich war zum Beispiel} 27... Rf8 {(threatening ...Nxh4!) and
only then ...b6. (drohend ...Sxh4!) und erst dann ...b6.}) {[%tqu "En","Black
had completely equalized the game, yet his last move was a terrible blunder.
Why?","With his last move Black has opened the diagonal d5-a8, so a queen
check on d5 would skewer the rook on a8.","Sacrifice your knight.","f4d5",
"Winning on the spot - maybe Black simply overlooked that after 28...Qxe5
White could first take on e7 with check!",15,"De","Schwarz hatte komplett
ausgeglichen, doch sein letzter Zug war ein  schrecklicher Fehler, nach dem
sofort die Lichter ausgehen. Wieso?","Mit seinem letzten Zug hat Schwarz die
Diagonale d5-a8 geöffnet, ein Damenschach auf d5 würde also den Turm auf a8
aufspießen.","Opfern Sie Ihren Springer.","f4d5","Gewinnt auf der Stelle -
vielleicht hatte Schwarz einfach übersehen, dass nach 28...Dxe5 erstmal auf e7
mit Schach nehmen kann!",15]} 28. Nxd5 $1 {Black resigned, since both after 28.
..exd5 29. Qxd5+ followed by 30.Qxa8+ and 28...Qxe5 29.Nxe7+! he loses an
exchange. Schwarz gab auf, denn sowohl nach 28...exd5 29. Dxd5+ nebst 30.Dxa8+
als auch 28...Dxe5 29.Sxe7+! verliert er eine Qualität.} 1-0

[Event "EU-ch 9th"]
[Site "Plovdiv"]
[Date "2008.04.21"]
[Round "1"]
[White "Sutovsky, Emil"]
[Black "Vavrak, Peter"]
[Result "1-0"]
[WhiteElo "2630"]
[BlackElo "2466"]
[Annotator "Reeh,O"]
[PlyCount "51"]
[EventDate "2008.04.21"]
[EventType "swiss"]
[EventRounds "11"]
[EventCountry "BUL"]
[SourceTitle "CBM 124"]
[Source "ChessBase"]
[SourceDate "2008.05.28"]
[SourceVersion "1"]
[SourceVersionDate "2008.05.28"]
[SourceQuality "1"]

1. e4 e6 2. d4 d5 3. Nd2 Be7 4. Ngf3 Nf6 5. e5 Nfd7 6. Bd3 c5 7. c3 Nc6 8. O-O
a5 9. Re1 cxd4 10. cxd4 Qb6 11. Nb1 Nxd4 {Capturing such a pawn against an
attacker of Sutovsky's calibre is certainly not for the faint-hearted.  Sich
gegen einen Angreifer von Sutovskys Kaliber einen solchen Bauern
einzuverleiben, ist sicher nichts für schwache Nerven.} 12. Nxd4 Qxd4 13. Nc3
Bc5 14. Nb5 Qxf2+ 15. Kh1 O-O 16. Bg5 {Threatening 17.Re2 winning the queen.
Droht 17.Re2 mit Damengewinn.} Bb4 17. Rf1 Qxb2 18. a3 Bc5 19. Bf4 Nxe5 {
[%tqu "En","How would you continue?","There is no time for quiet moves.","",
"d3h7","Classical!  The white queen will get to h5 with tempo, and after that
the knight on e5 will fall... but I hope you haven't forgotten that White's
own knight on b5 will be hanging then!",20,"a1b1","Not the best (see variation)
",0,"De","Wie würden Sie fortsetzen?","Für ruhige Züge ist keine Zeit.","",
"d3h7","Klassisch!  Die weiße Dame kommt mit Tempo nach h5, wonach der
Springer e5 fällt... aber ich hoffe, Sie haben nicht vergessen, dass danach
auch der weiße Springer auf b5 hängen wird!",20,"a1b1","Not the best (see
variation)",0]} 20. Bxh7+ $1 {The classical strike - but with some fresh
motifs. Der klassische Einschlag - aber mit ein paar frischen Motiven.} ({
Weak would have been Schwach gewesen wäre} 20. Rb1 Nxd3 21. Rxb2 $2 (21. Qxd3)
21... Nxb2 {with too much wood for the queen. mit zuviel Holz für die Dame.})
20... Kxh7 21. Qh5+ Kg8 22. Bxe5 Qxb5 $2 {Only this loses. Erst das verliert.}
({After Nach} 22... Qc2 $1 23. Rfc1 (23. Rac1 $2 Qg6 24. Qxg6 fxg6) (23. Nc7 f6
24. Nxa8 fxe5 25. Rxf8+ Bxf8 26. Qe8 $2 Qc6 $1) (23. Bxg7 Kxg7 24. Rf3 Bf2)
23... Qh7 24. Qxh7+ Kxh7 25. Rxc5 {the outcome of the game would still be
unclear. wäre der Ausgang der Partie noch immer ungewiss.}) ({Also losing was
Ebenfalls verloren hätte dagegen} 22... Qd2 {[%tqu "En","How would you play
with White?","One idea immediately catches the eye - but it still requires
some preparation!","","b5c7","Very good!   This preparatory move on the
queenside... wins on the kingside!  Do you see what happens now if Black goes
away with the attacked rook?",15,"e5g7","This only leads to a draw!",0,"De",
"Wie würden Sie mit Weiß spielen?","Eine Idee springt sofort ins Auge - aber
sie bedarf noch gewisser Vorbereitung!","","b5c7","Sehr gut!  Dieser
Vorbereitungszug am Damenflügel... gewinnt am Königsflügel!  Sehen Sie, was
passiert, wenn Schwarz nun den angegriffenen Turm wegzieht?",15,"e5g7","Dies
führt nur zum Remis!",0]} 23. Nc7 $1 (23. Bxg7 Kxg7 24. Qg4+ Kh8 25. Rf3 $2 (
25. Qh5+ $11) 25... Be3) 23... Rb8 (23... f6 24. Nxa8 fxe5 25. Rxf8+ Bxf8 26.
Qe8 $18) 24. Bxg7 Kxg7 {[%tqu "En","How would you continue?","It's mate in
three!","","c7e8","The knight, which a moment ago was still hanging on b5,
delivers the coup-de-grâce!",10,"De","Wie würden Sie fortsetzen?","Es ist Matt
in drei!","","c7e8","Der Springer, der eben noch auf b5 hing, versetzt Schwarz
den Gnadenstoß!",10]} 25. Ne8+ $1 {The knight, which a moment ago was still
hanging on b5, delivers the coup-de-grâce! Der Springer, der eben noch auf b5
hing, versetzt Schwarz den Gnadenstoß!} Rxe8 (25... Kg8 26. Nf6+ Kg7 27. Qh7#)
26. Rxf7+ Kg8 27. Qh7#) {[%tqu "En","What now?","The motifs are: Demolition,
Decoy, Double attack, Mate threat.","","e5g7","Completing the demolition of
Black's king position. This second bishop can't be taken.",15,"De","Was nun?",
"Beachten Sie die Motive: Demolition , Decoy , Double attack , Mate threat.",
"","e5g7","Vollendet die Demolierung der schwarzen Königsstellung. Dieser
zweite Läufer ist nicht zu nehmen.",15]} 23. Bxg7 $1 {Completing the
demolition of Black's king position. This second bishop can't be taken.
Vollendet die Demolierung der schwarzen Königsstellung. Dieser zweite Läufer
ist nicht zu nehmen.} f5 (23... Kxg7 24. Qg4+ {followed by 25.Rf3 and
annihilation. nebst 25.Rf3 und Vernichtung.}) 24. Be5 Rd8 25. Rf3 Kf8 26. Rg3
1-0

[Event "Leon op"]
[Site "Leon"]
[Date "1997.??.??"]
[Round "4"]
[White "Damaso, Rui"]
[Black "Arizmendi Martinez, Julen Luis"]
[Result "0-1"]
[WhiteElo "2485"]
[BlackElo "2470"]
[Annotator "Romero Holmes"]
[PlyCount "88"]
[EventDate "1997.08.??"]
[EventType "swiss"]
[EventRounds "9"]
[EventCountry "ESP"]
[SourceTitle "CBM 059 Extra"]
[Source "ChessBase"]
[SourceDate "1997.09.26"]
[SourceVersion "1"]
[SourceVersionDate "1997.09.26"]
[SourceQuality "1"]

{Esta partida nos recordó los tiempos del romanticismo. El portugués Rui
Dámaso nos deleitó con un ajedrez original lleno de truculentas maniobras,
pero sobre todo, muy muy frontal ( los golpes iban a la mandíbula ). ¡Quién
sabe si Damaso refutó el esquema negro con su original juego!} 1. d4 e6 2. e4
d5 3. Nd2 Nf6 4. e5 Nfd7 5. Bd3 c5 6. c3 Nc6 7. Ngf3 $5 g6 $5 {Parece un poco
antinatural pero es creíble. Dado que las blancas no pueden reforzar más el
punto e5 las negras fianchetan primero para romper con f6 después y darle una
vida lujuriosa al alfil de g7. Bonito, verdad?} 8. h4 Qb6 (8... cxd4 9. cxd4
Qb6 10. Nb3) 9. h5 Bg7 (9... Rg8 {es una interesante alternativa. Las blancas
deben hacer algo y muy pronto.} 10. hxg6 hxg6 11. Qa4) 10. Rh4 $5 {Provocativo,
sin duda. Era posible cerrar el grifo sobre d4 con} (10. h6 Bf8 11. Qa4) 10...
g5 $2 {Las negras no se quedan atrás e inician sus operaciones en el centro.
Un peón lateral por dos centrales, debieron pensar. Vaya chollo! Sin embargo
el ataque blanco parece demoledor después de esta jugada.} (10... gxh5 11. Ng5
(11. Qa4 cxd4 12. cxd4 f6)) 11. Nxg5 cxd4 12. cxd4 Nxd4 13. h6 $1 Bxe5 14. Qh5
Nc5 {Diagrama} 15. Nxf7 $6 {Una jugada supernatural pero un atropello. Para
qué entregar el alfil si las negras no pueden defender f7? Era mejor la
sencilla 15.Bb1! y las amenazas blancas sobre el rey blanco son imparables. Si
15...Qc7 16. Nf7+-} Nxd3+ 16. Kf1 Bf6 17. Nxh8+ Kd8 {Las blancas tienen
calidad de más pero el flanco de dama está congelado.} 18. Rg4 Nf5 19. Rg8+ Kc7
20. Qf3 {Cuando todo parecía controlado surge una jugada "a lo Anderssen". Sin
duda, una partida vibrante y que quedará para el recuerdo. Es un toma y daca
constante} Bd7 $1 21. Rxa8 Bb5 22. Kg1 Nxf2 $1 23. Kh2 (23. Qf4+ Kd7 24. Qxf2
Bd4) 23... Be5+ 24. g3 Bxg3+ 25. Kg2 Nh4+ 26. Kxg3 Nxf3 27. Nxf3 Ne4+ 28. Kg4 (
28. Kf4 e5+) 28... e5 $1 {La dama persigue incansablemente al rey} 29. Bg5 Bd7+
30. Kh5 Qe6 31. Bd8+ Kd6 32. Rg1 Qh3+ 33. Nh4 Be8+ 34. N8g6 hxg6+ 35. Rxg6+
Bxg6+ 36. Kxg6 Qg4+ 37. Kf7 Qe6+ 38. Kg7 Qd7+ 39. Kg6 Qe8+ 40. Kg7 Qd7+ 41. Kg6
Qg4+ 42. Kf7 Kd7 43. Ng6 Nd6+ 44. Kg7 Ne8+ {Si 45.Kh7, Qf5 con idea de Qf7+-.
[#]} 0-1